000 00601nam a2200205Ia 4500
008 240729s9999 xx 000 0 und d
022 _a1743-7075
245 0 _aNutrition & Metabolism
260 _aUnited Kingdom
260 _bBMC
650 _a Home economics
650 _a Internal medicine
650 _a Nutrition. Foods and food supply | Medicine
650 _a Nutritional diseases. Deficiency diseases
650 _a Specialties of internal medicine
650 _aTechnology
856 _uhttps://doaj.org/toc/6876fa0745ab41ddb207cae1a32071da
942 _2ddc
942 _cDOAJEJ
999 _c74531
_d74531
945 _a1
_bMadushi Gamage
_c1
_dMadushi Gamage